00364nam a2200133 a 45000010010000000030011000100080041000210350026000620820014000881000019001022450023001212600051001446500035001950000-8729ELIB.Books110520 1966  a(ELIB.Books)0000-8875 a241 bSel aSellers, James aTheological Ethics bNew York: Macmillan Publishing Co, Inc. c1966 aDictionary of Christian Ethics